000 00566nam a2200229Ia 4500
003 OSt
005 20220924152925.0
006 a|||||r|||| 00| 0
007 ta
008 220923b |||||||| |||| 00| 0 guj d
024 _a345866
037 _cTextual
040 _aARTS
_cARTS
_bguj
041 _2guj
_aguj
082 _aO156,1N201x, K9
100 _aPathak Jayant
_9227811
245 0 _aSarga
260 _c1969
650 _aGUJRATI LITERATURE
942 _hO156,1N201x, K9
_cTEXL
_2CC
999 _c471538
_d471538